All Governors of Texas - Statistics

General Stats
  • This quiz has been taken 19 times
  • The average score is 13 of 49
Answer Stats
Years Served Party Governor % Correct
1995 - 2000 Republican George W. Bush
93%
2000 - 2015 Republican Rick Perry
93%
1859 - 1861 Independent Sam Houston
93%
1991 - 1995 Democrat Ann Richards
86%
2015 - Present Republican Greg Abbott
86%
1969 - 1973 Democrat Preston Smith
50%
1915 - 1917 Democrat James E. Ferguson
43%
1963 - 1969 Democrat John Connally
43%
1925 - 1927 Democrat Miriam A. Ferguson
43%
1933 - 1935 Democrat Miriam A. Ferguson
43%
1941 - 1947 Democrat Coke R. Stevenson
36%
1870 - 1874 Republican Edmund J. Davis
36%
1983 - 1987 Democrat Mark White
36%
1849 - 1853 Democrat Peter Hansborough Bell
29%
1865 - 1866 ----- Andrew Jackson Hamilton
21%
1947 - 1949 Democrat Beauford H. Jester
21%
1979 - 1983 Republican Bill Clements
21%
1987 - 1991 Republican Bill Clements
21%
1861 Democrat Edward Clark
21%
1853 - 1857 Democrat Elisha M. Pease
21%
1867 - 1869 ------- Elisha M. Pease
21%
1861 - 1863 Democrat Francis Lubbock
21%
1935 - 1939 Democrat James Burr V Allred
21%
1853 Democrat James W. Henderson
21%
1891 - 1895 Democrat Jim Hogg
21%
1846 - 1847 Democrat J. Pinckney Henderson
21%
1879 - 1883 Democrat Oran Milo Roberts
21%
1874 - 1876 Democrat Richard Coke
21%
1895 - 1899 Democrat Charles A. Culberson
14%
1927 - 1931 Democrat Dan Moody
14%
1847 - 1849 Democrat George Tyler Wood
14%
1887 - 1891 Democrat Lawrence Sullivan Ross
14%
1911 - 1915 Democrat Oscar Branch Colquitt
14%
1917 - 1921 Democrat William P. Hobby
14%
1939 - 1941 Democrat W. Lee O'Daniel
14%
1949 - 1957 Democrat Allan Shivers
7%
1973 - 1979 Democrat Dolph Briscoe
7%
1857 - 1859 Democrat Hardin Richard Runnels
7%
1866 - 1867 Democrat James W. Throckmorton
7%
1883 - 1887 Democrat John Ireland
7%
1899 - 1903 Democrat Joseph D. Sayers
7%
1921 - 1925 Democrat Pat Morris Neff
7%
1863 - 1865 Democrat Pendleton Murrah
7%
1957 - 1963 Democrat Price Daniel
7%
1931 - 1933 Democrat Ross S. Sterling
7%
1903 - 1907 Democrat S. W. T. Lanham
7%
1907 - 1911 Democrat Thomas Mitchell Campbell
7%
1869 - 1870 Vacant Vacant
7%
1876 - 1879 Democrat Richard B. Hubbard
0%
No matching quizzes found
Score Distribution
Percent of People with Each Score
Percentile by Number Answered
Your Score History
You have not taken this quiz